header

Another cosmopolitanism (Record no. 243258)

MARC details
000 -LEADER
fixed length control field 01575nam a22004214a 4500
082 04 - DEWEY DECIMAL CLASSIFICATION NUMBER
Classification number 306.01
100 1# - MAIN ENTRY--AUTHOR NAME
Personal name Benhabib, Seyla.
245 10 - TITLE STATEMENT
Title Another cosmopolitanism
260 ## - PUBLICATION, DISTRIBUTION, ETC. (IMPRINT)
Place of publication Oxford ;
-- New York :
Name of publisher Oxford University Press,
Year of publication 2006.
300 ## - PHYSICAL DESCRIPTION
Number of Pages xii, 206 p.
490 1# - SERIES STATEMENT
Series statement The Berkeley Tanner lectures
650 #0 - SUBJECT ADDED ENTRY--TOPICAL TERM
Topical Term Cosmopolitanism.
Topical Term Law
Topical Term Human rights.
Topical Term Citizenship.
Topical Term World citizenship.
700 1# - ADDED ENTRY--PERSONAL NAME
Personal name Waldron, Jeremy.
Personal name Honig, Bonnie.
Personal name Kymlicka, Will.
Personal name Post, Robert,
856 40 - ELECTRONIC LOCATION AND ACCESS
Uniform Resource Identifier http://site.ebrary.com/lib/rucke/Doc?id=10160643

No items available.

© 2026 Rongo University
Contact us: librarian | system librarian | Rongo university